000 00382nam a2200145Ia 4500
008 230711s9999||||xx |||||||||||||| ||und||
041 _aENG
082 _a621.902
_bWE-M
100 _aWelbouner,D.R
245 0 _aMachine tool dynamics and introduction
250 _a1st Ed.
260 _c1970
_aNew York
_bCambridge University Press
650 _aMechanical Engineering
942 _cBK
999 _c1070
_d1070